[Event "SK Schmiden/Cannstatt 1 - SG Schwäbisch"]
[Site "Oberliga 2019/2020"]
[Date "2019.09.15"]
[Round "1.1"]
[White "Velicka, Petr"]
[Black "Trachtmann, Mark"]
[Result "1-0"]
[WhiteElo "2418"]
[BlackElo "2253"]
[PlyCount "70"]
[EventDate "2019.??.??"]
[WhiteTeam "SG Schwäbisch Gmünd 1"]
[BlackTeam "SK Schmiden/Cannstatt 1"]

1. e4 g6 2. d4 Bg7 3. c3 d6 4. f4 Nf6 5. Bd3 O-O 6. Nf3 Nbd7 7. e5 Nd5 8. O-O
c5 9. a3 cxd4 10. cxd4 dxe5 11. fxe5 f6 12. Nc3 N7b6 13. Bd2 Bg4 14. h3 Bxf3
15. Rxf3 fxe5 16. Rxf8+ Bxf8 17. dxe5 Bg7 18. Qe2 Qc7 19. Re1 Rf8 20. Nxd5 Nxd5
21. Bc4 Qc5+ 22. Be3 Qc6 23. Bxa7 e6 24. Bxd5 Qxd5 25. Bf2 Rd8 26. Kh1 Bh6 27.
Bh4 Rd7 28. Qc2 g5 29. Bg3 Bg7 30. Rc1 Bf8 31. Qe2 Qd2 32. Rc2 Qd5 33. Kh2 Bc5
34. Qh5 Be3 35. Qe8+ Kg7 1-0

[Event "SK Schmiden/Cannstatt 1 - SG Schwäbisch"]
[Site "Oberliga 2019/2020"]
[Date "2019.09.15"]
[Round "1.2"]
[White "Holzhäuer, Mathias"]
[Black "Jurek, Josef"]
[Result "1/2-1/2"]
[WhiteElo "2178"]
[BlackElo "2258"]
[PlyCount "26"]
[EventDate "2019.??.??"]
[WhiteTeam "SK Schmiden/Cannstatt 1"]
[BlackTeam "SG Schwäbisch Gmünd 1"]

1. e4 e6 2. Nf3 d5 3. e5 c5 4. b4 cxb4 5. a3 Nc6 6. axb4 Bxb4 7. c3 Be7 8. d4
Bd7 9. Bd3 Rc8 10. O-O a6 11. g3 Na5 12. h4 Bb5 13. Ne1 Bxd3 1/2-1/2

[Event "SK Schmiden/Cannstatt 1 - SG Schwäbisch"]
[Site "Oberliga 2019/2020"]
[Date "2019.09.15"]
[Round "1.3"]
[White "Weiss, Andreas"]
[Black "Niklasch, Oliver"]
[Result "1/2-1/2"]
[WhiteElo "2163"]
[BlackElo "2229"]
[PlyCount "78"]
[EventDate "2019.??.??"]
[WhiteTeam "SG Schwäbisch Gmünd 1"]
[BlackTeam "SK Schmiden/Cannstatt 1"]

1. e4 e6 2. d4 d5 3. Nc3 Bb4 4. exd5 exd5 5. a3 Be7 6. Bd3 Nf6 7. h3 O-O 8. Nf3
Nbd7 9. O-O c5 10. b3 a6 11. Re1 b5 12. dxc5 Nxc5 13. Nd4 Bb7 14. Nf5 Nce4 15.
Bxe4 dxe4 16. Qxd8 Bxd8 17. Nd6 Bc6 18. Bb2 Bb6 19. Ncxe4 Nxe4 20. Nxe4 Rfd8
21. c4 f5 22. Nc3 Rd2 23. Re2 Rxe2 24. Nxe2 Rd8 25. Bc3 Rd3 26. Rc1 g5 27. Kf1
bxc4 28. bxc4 Kf7 29. f3 Be3 30. Rb1 h5 31. Bb4 f4 32. Nc3 Rd4 33. Nd5 Bxd5 34.
cxd5 Rxd5 35. Ke2 Rb5 36. Rb2 Ke6 37. Bc3 Rc5 38. Kd3 Kf5 39. Rb8 Rd5+ 1/2-1/2

[Event "SK Schmiden/Cannstatt 1 - SG Schwäbisch"]
[Site "Oberliga 2019/2020"]
[Date "2019.09.15"]
[Round "1.4"]
[White "Krockenberger, Martin"]
[Black "Denisow, Jewgeny"]
[Result "1-0"]
[WhiteElo "2149"]
[BlackElo "2131"]
[PlyCount "89"]
[EventDate "2019.??.??"]
[WhiteTeam "SK Schmiden/Cannstatt 1"]
[BlackTeam "SG Schwäbisch Gmünd 1"]

1. d4 d5 2. c4 e6 3. Nf3 Nf6 4. g3 Be7 5. Bg2 O-O 6. O-O dxc4 7. Qc2 b5 8. a4
b4 9. Nbd2 Bb7 10. Nxc4 Be4 11. Qd1 Nbd7 12. Bf4 Nd5 13. Ncd2 Nxf4 14. Nxe4
Nxg2 15. Kxg2 c5 16. dxc5 Nxc5 17. Nxc5 Bxc5 18. Rc1 Qe7 19. Rc4 f6 20. Qc2 Bb6
21. Qe4 Rac8 22. Rfc1 Rxc4 23. Rxc4 Bc5 24. Qc6 Bd6 25. b3 Rb8 26. Nd4 Kf7 27.
Nb5 Be5 28. f4 Rb6 29. Qe4 Bb8 30. Qxh7 Qb7+ 31. Kg1 Rc6 32. Qh5+ Ke7 33. Qh8
Kf7 34. Rxc6 Qxc6 35. Qxb8 Qc5+ 36. Kg2 Qd5+ 37. Kf2 Qc5+ 38. Kf3 Qd5+ 39. Kf2
Qc5+ 40. Kf3 Qd5+ 41. Ke3 Qc5+ 42. Kd3 Qf5+ 43. e4 Qh3 44. Qxa7+ Kg6 45. Qf2
1-0

[Event "SK Schmiden/Cannstatt 1 - SG Schwäbisch"]
[Site "Oberliga 2019/2020"]
[Date "2019.09.15"]
[Round "1.5"]
[White "Hönick, Andreas"]
[Black "Löhr, Markus"]
[Result "1/2-1/2"]
[WhiteElo "2102"]
[BlackElo "2108"]
[PlyCount "51"]
[EventDate "2019.??.??"]
[WhiteTeam "SG Schwäbisch Gmünd 1"]
[BlackTeam "SK Schmiden/Cannstatt 1"]

1. d4 Nf6 2. c4 g6 3. Nc3 d5 4. cxd5 Nxd5 5. e4 Nxc3 6. bxc3 Bg7 7. Bg5 c5 8.
Rc1 cxd4 9. cxd4 O-O 10. Nf3 Bg4 11. d5 Nd7 12. Be2 Nf6 13. Nd2 Bxe2 14. Qxe2
Rc8 15. O-O Qd7 16. Qf3 Rxc1 17. Rxc1 Rc8 18. Rxc8+ Qxc8 19. Nf1 Qc4 20. d6 Qe6
21. dxe7 Qxe7 22. Qf4 Qxe4 23. Qb8+ Ne8 24. Qxa7 Bd4 25. Qb8 Kg7 26. Qf4
1/2-1/2

[Event "SK Schmiden/Cannstatt 1 - SG Schwäbisch"]
[Site "Oberliga 2019/2020"]
[Date "2019.09.15"]
[Round "1.6"]
[White "Thoma, Christian"]
[Black "Pohl, Walter"]
[Result "1-0"]
[WhiteElo "2156"]
[BlackElo "2040"]
[PlyCount "71"]
[EventDate "2019.??.??"]
[WhiteTeam "SK Schmiden/Cannstatt 1"]
[BlackTeam "SG Schwäbisch Gmünd 1"]

1. d4 d5 2. c4 Nc6 3. Nc3 Nf6 4. cxd5 Nxd5 5. Nf3 Bg4 6. e4 Nxc3 7. bxc3 e5 8.
d5 Nb8 9. Qa4+ Nd7 10. Nxe5 Qf6 11. Be2 Qxe5 12. Bxg4 b5 13. Bxd7+ Kd8 14. Qc2
Kxd7 15. f4 Qf6 16. O-O Bc5+ 17. Kh1 h5 18. e5 Qe7 19. Qf5+ Kd8 20. a4 Rb8 21.
Rb1 a6 22. Qd3 Qd7 23. f5 c6 24. c4 Kc8 25. e6 Qc7 26. Bf4 Bd6 27. Bxd6 Qxd6
28. axb5 axb5 29. cxb5 Qxd5 30. Qc3 Rxb5 31. Qxg7 Rd8 32. e7 Re8 33. Qf8 Qd7
34. f6 h4 35. h3 Kc7 36. Qxf7 1-0

[Event "SK Schmiden/Cannstatt 1 - SG Schwäbisch"]
[Site "Oberliga 2019/2020"]
[Date "2019.09.15"]
[Round "1.7"]
[White "Reindl, Arno"]
[Black "Eisele, Steffen"]
[Result "1/2-1/2"]
[WhiteElo "1987"]
[BlackElo "2195"]
[PlyCount "128"]
[EventDate "2019.??.??"]
[WhiteTeam "SG Schwäbisch Gmünd 1"]
[BlackTeam "SK Schmiden/Cannstatt 1"]

1. e4 g6 2. d4 Bg7 3. Nc3 d6 4. Be3 a6 5. a4 Nc6 6. Nf3 Nf6 7. h3 O-O 8. Be2 e5
9. dxe5 dxe5 10. Qxd8 Rxd8 11. Bc4 Nb4 12. Rc1 Ne8 13. O-O Nd6 14. Bb3 b6 15.
a5 bxa5 16. Ra1 Bb7 17. Rxa5 Nxe4 18. Nxe5 Bxe5 19. Rxe5 Nxc3 20. bxc3 Nd5 21.
Bg5 Rd6 22. c4 f6 23. Rxd5 Bxd5 24. Bf4 Bf7 25. Bxd6 cxd6 26. Rd1 a5 27. Ba4
Rb8 28. Rxd6 Rb1+ 29. Kh2 Rb4 30. Bb5 Bxc4 31. Bxc4+ Rxc4 32. Ra6 Rxc2 33. Rxa5
Rxf2 34. Ra7 Re2 35. Kg3 h5 36. Kf3 Re5 37. h4 Kf8 38. Rb7 Re7 39. Rb4 Kf7 40.
Ra4 Rb7 41. Re4 Rb3+ 42. Kf4 Rb1 43. Ra4 Rf1+ 44. Kg3 Rd1 45. Kf3 Ke6 46. Re4+
Kd5 47. Re8 Rd4 48. g3 Rg4 49. Ra8 f5 50. Ra6 Ke5 51. Ra5+ Kf6 52. Ra6+ Kg7 53.
Ra7+ Kh6 54. Ra6 Re4 55. Rb6 Kg7 56. Ra6 Kf7 57. Ra7+ Kf6 58. Ra6+ Re6 59. Ra4
g5 60. hxg5+ Kxg5 61. Ra8 Rb6 62. Rg8+ Kf6 63. Rf8+ Ke5 64. Re8+ Kf6 1/2-1/2

[Event "SK Schmiden/Cannstatt 1 - SG Schwäbisch"]
[Site "Oberliga 2019/2020"]
[Date "2019.09.15"]
[Round "1.8"]
[White "Witke, Thomas"]
[Black "Bader, Gerd"]
[Result "1/2-1/2"]
[WhiteElo "2089"]
[BlackElo "2000"]
[PlyCount "125"]
[EventDate "2019.??.??"]
[WhiteTeam "SK Schmiden/Cannstatt 1"]
[BlackTeam "SG Schwäbisch Gmünd 1"]

1. d4 d6 2. Nf3 Nd7 3. c4 e5 4. Nc3 Ngf6 5. e4 g6 6. d5 a5 7. Be3 Bg7 8. h3 O-O
9. Nd2 c6 10. a3 Nh5 11. g3 Bf6 12. Be2 Ng7 13. h4 Be7 14. h5 Bg5 15. Bxg5 Qxg5
16. Nf3 Qe7 17. Qd2 Nf6 18. hxg6 fxg6 19. O-O-O c5 20. Ng5 Ngh5 21. Rh4 Kg7 22.
Bxh5 gxh5 23. f3 h6 24. Nh3 Rh8 25. Nf2 Bd7 26. Rdh1 Kf7 27. Ne2 b6 28. g4 Rag8
29. gxh5 Rg5 30. Qe3 Ke8 31. f4 Rg2 32. Nd3 Rhg8 33. Qf3 Kd8 34. fxe5 dxe5 35.
R4h2 R2g5 36. Rf1 Rf8 37. Nc3 Nh7 38. Qe2 Bg4 39. Rxf8+ Qxf8 40. Qf2 Qxf2 41.
Nxf2 Bxh5 42. Kd2 Nf6 43. Ke3 Rg3+ 44. Kd2 Rg6 45. Nd3 Rg5 46. Nf2 Ng8 47. Na4
Kc7 48. Nc3 Be8 49. Nh3 Rh5 50. Rg2 Nf6 51. Rg7+ Kd8 52. Nf2 Rh2 53. Ke3 h5 54.
Ne2 Bd7 55. Ng3 Ng4+ 56. Nxg4 Bxg4 57. Rh7 h4 58. Nf5 h3 59. Rh8+ Kd7 60. Rh7+
Kd8 61. Rh8+ Kd7 62. Rh7+ Kd8 63. Rh8+ 1/2-1/2

[Event "SF Deizisau 2 - SV Jedesheim 1"]
[Site "Oberliga 2019/2020"]
[Date "2019.09.15"]
[Round "1.1"]
[White "Heidenfeld, Mark"]
[Black "Zilka, Stepan"]
[Result "0-1"]
[WhiteElo "2352"]
[BlackElo "2529"]
[PlyCount "114"]
[EventDate "2019.??.??"]
[WhiteTeam "SV Jedesheim 1"]
[BlackTeam "SF Deizisau 2"]

1. e4 e5 2. Nf3 Nc6 3. Bb5 a6 4. Bxc6 dxc6 5. O-O Qf6 6. d4 exd4 7. Bg5 Qd6 8.
Nxd4 Be7 9. Nf3 Bxg5 10. Qxd6 cxd6 11. Nxg5 Ne7 12. Rd1 f6 13. Nf3 Kd7 14. Nbd2
Kc7 15. Nc4 d5 16. exd5 Nxd5 17. Re1 Bg4 18. Nd4 Rhe8 19. f3 Bd7 20. Kf2 c5 21.
Nb3 b6 22. Rad1 Rxe1 23. Rxe1 Bf5 24. c3 Rd8 25. Ne3 Nxe3 26. Rxe3 Kc6 27. Re7
Rd1 28. Rxg7 Rb1 29. Rf7 Rxb2+ 30. Ke3 Bg6 31. Rxf6+ Kc7 32. Nd2 Rc2 33. c4
Rxa2 34. g4 Ra3+ 35. Kf4 Rd3 36. Ne4 a5 37. Re6 a4 38. Nf6 a3 39. Nd5+ Rxd5 40.
cxd5 a2 41. Re7+ Kb8 42. Re1 Bb1 43. Re8+ Kb7 44. Re7+ Kb8 45. Re8+ Kc7 46. Ra8
Kb7 47. Ra3 b5 48. d6 b4 49. d7 bxa3 50. d8=Q a1=Q 51. Qd7+ Kb6 52. Qd6+ Kb5
53. Qd7+ Ka5 54. Qc7+ Kb4 55. Qb6+ Ka4 56. Qa6+ Kb3 57. Qb7+ Kc2 0-1

[Event "SF Deizisau 2 - SV Jedesheim 1"]
[Site "Oberliga 2019/2020"]
[Date "2019.09.15"]
[Round "1.2"]
[White "Dabo-Peranic, Robert"]
[Black "Beletic, Daniel"]
[Result "1/2-1/2"]
[WhiteElo "2322"]
[BlackElo "2349"]
[PlyCount "164"]
[EventDate "2019.??.??"]
[WhiteTeam "SF Deizisau 2"]
[BlackTeam "SV Jedesheim 1"]

1. d4 c6 2. e4 d5 3. exd5 cxd5 4. c4 Nf6 5. Nc3 Nc6 6. Bg5 Ne4 7. Nxe4 dxe4 8.
d5 Ne5 9. Qd4 f6 10. Be3 Bf5 11. f3 exf3 12. Nxf3 Nxf3+ 13. gxf3 e5 14. dxe6
Bb4+ 15. Kf2 Qxd4 16. Bxd4 O-O-O 17. Be3 Rhe8 18. a3 Bd2 19. b4 Bxe3+ 20. Kxe3
Rxe6+ 21. Kf2 g5 22. h4 g4 23. fxg4 Bxg4 24. Bg2 Re2+ 25. Kg3 h5 26. Rhe1 Rd3+
27. Kh2 Rh3+ 28. Kg1 Rxa3 29. Rxa3 Rxe1+ 30. Kf2 Re2+ 31. Kg3 f5 32. Bd5 Rd2
33. Kf4 Kb8 34. b5 Rf2+ 35. Ke5 f4 36. c5 f3 37. Ra4 Rb2 38. Kd6 Rxb5 39. Rf4
a5 40. Rf8+ Ka7 41. Rf7 Kb8 42. Rf8+ Ka7 43. Rf7 Kb8 44. c6 bxc6 45. Rf8+ Ka7
46. Kxc6 Rb7 47. Kc5 Rc7+ 48. Bc6 Bc8 49. Kd6 Kb6 50. Bxf3 Bb7 51. Bxh5 Rc4 52.
Rf2 Rd4+ 53. Ke7 Rxh4 54. Rb2+ Kc5 55. Be8 Re4+ 56. Kd8 Rb4 57. Ra2 Kb6 58. Ra1
Rd4+ 59. Ke7 Be4 60. Rc1 a4 61. Bxa4 Rxa4 62. Ke6 Bc6 63. Ke5 Re4+ 64. Kf5 Re2
65. Rc3 Kc7 66. Ra3 Kd6 67. Ra6 Rf2+ 68. Kg5 Kc5 69. Ra5+ Kd4 70. Ra6 Bd5 71.
Ra5 Ke5 72. Rb5 Rg2+ 73. Kh5 Ke6 74. Kh4 Rg8 75. Ra5 Ke5 76. Kh5 Rg1 77. Rb5
Ke6 78. Kh4 Rg2 79. Ra5 Ke5 80. Kh5 Ke4 81. Kh6 Bf7 82. Rg5 Rxg5 1/2-1/2

[Event "SF Deizisau 2 - SV Jedesheim 1"]
[Site "Oberliga 2019/2020"]
[Date "2019.09.15"]
[Round "1.3"]
[White "Trussevich, Sergey"]
[Black "Köllner, Ruben Gideon"]
[Result "0-1"]
[WhiteElo "2314"]
[BlackElo "2243"]
[PlyCount "134"]
[EventDate "2019.??.??"]
[WhiteTeam "SV Jedesheim 1"]
[BlackTeam "SF Deizisau 2"]

1. Nf3 Nf6 2. e3 d6 3. c4 e5 4. d3 g6 5. Nbd2 Bg7 6. Qc2 Nc6 7. a3 a5 8. b3 O-O
9. Rb1 Qe7 10. Be2 Bf5 11. Ne4 Nd8 12. O-O c6 13. Bb2 Nd7 14. b4 axb4 15. axb4
d5 16. Ned2 f6 17. e4 Be6 18. Rfe1 d4 19. Ra1 Nf7 20. c5 b6 21. cxb6 Qxb4 22.
Rxa8 Rxa8 23. Qxc6 Re8 24. Bc1 Qxb6 25. Qa4 Qb7 26. Nc4 Ra8 27. Qc2 Bf8 28. Bd2
Rc8 29. Rb1 Qc6 30. Qb3 Bxc4 31. Qxc4 Qxc4 32. dxc4 Nc5 33. Rb6 Nxe4 34. Bd3
Nxd2 35. Nxd2 f5 36. f3 Bc5 37. Rb7 Nd6 38. Rd7 Rb8 39. Rc7 Rb2 40. Rxc5 Rxd2
41. Bf1 e4 42. Rd5 Ne8 43. fxe4 fxe4 44. c5 d3 45. g4 Nf6 46. Rd8+ Kf7 47. g5
Rd1 48. c6 e3 49. c7 e2 50. Rf8+ Kxf8 51. c8=Q+ Ne8 52. Qc5+ Kf7 53. Qd5+ Ke7
54. Qe5+ Kd7 55. Qb5+ Kd6 56. Qb8+ Nc7 57. Qf8+ Kc6 58. Qf6+ Kb7 59. Qb2+ Ka6
60. Qa3+ Kb6 61. Qb3+ Nb5 62. Qe6+ Kc5 63. Qe5+ Kc4 64. Qe6+ Kc3 65. Qe5+ Kc2
66. Qc5+ Nc3 67. Qf2 Rxf1+ 0-1

[Event "SF Deizisau 2 - SV Jedesheim 1"]
[Site "Oberliga 2019/2020"]
[Date "2019.09.15"]
[Round "1.4"]
[White "Fischer, Sebastian"]
[Black "Anistratov, Dmitriy"]
[Result "1/2-1/2"]
[WhiteElo "2246"]
[BlackElo "2261"]
[PlyCount "154"]
[EventDate "2019.??.??"]
[WhiteTeam "SF Deizisau 2"]
[BlackTeam "SV Jedesheim 1"]

1. d4 d6 2. Nf3 Nf6 3. Nbd2 Nbd7 4. e4 e5 5. c3 Be7 6. Bd3 O-O 7. O-O Re8 8.
Re1 Bf8 9. a4 h6 10. a5 c6 11. b4 Qc7 12. Bb2 Nh7 13. Qb3 Ndf6 14. dxe5 dxe5
15. c4 c5 16. b5 Bg4 17. Qc3 Bxf3 18. Nxf3 Bd6 19. Nh4 Bf8 20. Nf5 g6 21. Ne3
Bg7 22. Nd5 Nxd5 23. cxd5 b6 24. Bc4 Nf8 25. axb6 axb6 26. Ra6 Nd7 27. Rea1
Rab8 28. f4 Bf6 29. f5 g5 30. Qh3 Bg7 31. Ra7 Qd6 32. g4 Nf6 33. Qg2 Re7 34.
Bc1 Nh7 35. R1a3 Rbe8 36. Qe2 Bf6 37. Kg2 Bg7 38. h3 Bf6 39. Qa2 Nf8 40. Rxe7
Bxe7 41. Bb2 Nd7 42. Ra7 Bf6 43. Qa6 Rb8 44. Qa1 Re8 45. Bc1 Kg7 46. Bd2 Rd8
47. Qc1 Rh8 48. Be3 Be7 49. Be2 Bf6 50. Qa3 Rb8 51. Qa6 Be7 52. Rb7 Nf6 53. Kf3
Nd7 54. Qa7 Rxb7 55. Qxb7 Nb8 56. Bd2 Nd7 57. Qc8 Nb8 58. Bc3 Nd7 59. Qe8 Bf6
60. Bc4 Nb8 61. Qc8 Nd7 62. Bd2 Nb8 63. Qb7 Nd7 64. Qa7 Nb8 65. Qa1 Nd7 66. Qc1
Be7 67. Be3 Bd8 68. Bf2 Be7 69. Qe1 Qb8 70. Qa1 Qd6 71. Be3 Bf6 72. Qa8 Nb8 73.
Qb7 Nd7 74. Qc6 Be7 75. Qa8 Nb8 76. Bc1 Nd7 77. Be3 Nb8 1/2-1/2

[Event "SF Deizisau 2 - SV Jedesheim 1"]
[Site "Oberliga 2019/2020"]
[Date "2019.09.15"]
[Round "1.5"]
[White "Römer, Ulrich"]
[Black "Bronznik, Valerij"]
[Result "1/2-1/2"]
[WhiteElo "2167"]
[BlackElo "2228"]
[PlyCount "30"]
[EventDate "2019.??.??"]
[WhiteTeam "SV Jedesheim 1"]
[BlackTeam "SF Deizisau 2"]

1. d4 Nf6 2. Nf3 g6 3. c4 Bg7 4. e3 c5 5. d5 e6 6. Nc3 exd5 7. cxd5 d6 8. Be2
O-O 9. O-O Re8 10. Nd2 Na6 11. Nc4 Nc7 12. a4 Ne4 13. Nxe4 Rxe4 14. Bd3 Re8 15.
e4 b5 1/2-1/2

[Event "SF Deizisau 2 - SV Jedesheim 1"]
[Site "Oberliga 2019/2020"]
[Date "2019.09.15"]
[Round "1.6"]
[White "Gustain, Marc"]
[Black "Kranzl, Julian"]
[Result "0-1"]
[WhiteElo "2129"]
[BlackElo "2214"]
[PlyCount "104"]
[EventDate "2019.??.??"]
[WhiteTeam "SF Deizisau 2"]
[BlackTeam "SV Jedesheim 1"]

1. e4 c5 2. Nc3 Nc6 3. Bb5 Nd4 4. Nf3 Nxb5 5. Nxb5 d6 6. d4 Nf6 7. dxc5 Qa5+ 8.
Nc3 Nxe4 9. cxd6 Nxc3 10. bxc3 Qxc3+ 11. Bd2 Qc4 12. dxe7 Bxe7 13. Qe2 Be6 14.
Qxc4 Bxc4 15. Be3 O-O 16. Nd4 Bb4+ 17. Bd2 Rfe8+ 18. Kd1 Bc5 19. Be3 Bxd4 20.
Bxd4 Rad8 21. c3 Re2 22. Kc1 Bd3 23. Kd1 Rc2 24. Re1 Bg6 25. Re3 Rxf2 26. Re8+
Rxe8 27. Bxf2 Bh5+ 28. Kc1 Re2 29. Bxa7 Bg6 30. Bb8 Rc2+ 31. Kd1 Rxg2 32. Rc1
Rxa2 33. Ke1 Bd3 34. c4 f6 35. c5 Rc2 36. Rxc2 Bxc2 37. Kd2 Ba4 38. Ke3 Kf7 39.
Bd6 g5 40. h4 h6 41. Kf3 Kg6 42. Bf8 Bc6+ 43. Kg3 f5 44. Be7 Kh5 45. hxg5 hxg5
46. Bd6 f4+ 47. Kh2 Kg4 48. Be7 Kf5 49. Bd6 g4 50. Bc7 g3+ 51. Kh3 Bb5 52. Bb6
Kg5 0-1

[Event "SF Deizisau 2 - SV Jedesheim 1"]
[Site "Oberliga 2019/2020"]
[Date "2019.09.15"]
[Round "1.7"]
[White "Hofer, Emilian"]
[Black "Gheng, Dominik"]
[Result "1-0"]
[WhiteElo "2179"]
[BlackElo "2063"]
[PlyCount "67"]
[EventDate "2019.??.??"]
[WhiteTeam "SV Jedesheim 1"]
[BlackTeam "SF Deizisau 2"]

1. e4 e5 2. Nf3 Nc6 3. Bb5 a6 4. Ba4 Nf6 5. O-O b5 6. Bb3 Bc5 7. a4 Rb8 8. c3
Bb6 9. d4 O-O 10. dxe5 Nxe4 11. Qd5 Nc5 12. Bc2 Bb7 13. Qd1 Ne6 14. axb5 axb5
15. Qd3 g6 16. Bh6 Re8 17. Nbd2 Nc5 18. Qe2 d5 19. Rad1 Ba6 20. b4 Nd7 21. Bf4
f6 22. Bb3 Ndxe5 23. Ne4 Nc4 24. Rxd5 Qe7 25. Re1 Qf7 26. Qd1 f5 27. Neg5 Qf6
28. Rxe8+ Rxe8 29. Rd7 Ne7 30. Rd8 Qf8 31. Rxe8 Qxe8 32. Qe2 h6 33. Bxc4+ bxc4
34. Qe6+ 1-0

[Event "Heilbronner SV 1 - SK Bebenhausen 1"]
[Site "Oberliga 2019/2020"]
[Date "2019.09.15"]
[Round "1.1"]
[White "Braun, Georg"]
[Black "Zuferi, Enis"]
[Result "1-0"]
[WhiteElo "2295"]
[BlackElo "2290"]
[PlyCount "83"]
[EventDate "2019.??.??"]
[WhiteTeam "SK Bebenhausen 1"]
[BlackTeam "Heilbronner SV 1"]

1. e4 c5 2. Nf3 d6 3. d4 Nf6 4. Nc3 cxd4 5. Nxd4 a6 6. Bg5 Nbd7 7. Qe2 h6 8.
Bh4 g6 9. f4 e5 10. fxe5 dxe5 11. Nb3 Qc7 12. O-O-O Be7 13. Qf3 g5 14. Bg3 Nf8
15. Nd5 Nxd5 16. exd5 Ng6 17. Bd3 Nf4 18. Rhe1 Bd7 19. Bxf4 gxf4 20. Qh5 Bd6
21. Bf5 Rg8 22. Rd2 O-O-O 23. Qxf7 Rg5 24. Bxd7+ Rxd7 25. Qe6 Kb8 26. Qxh6 Rdg7
27. g3 fxg3 28. hxg3 Rxg3 29. Kb1 Rg1 30. Rdd1 R1g2 31. c3 Rh7 32. Qe3 Rhh2 33.
Rd2 Qh7+ 34. Ka1 Rxd2 35. Nxd2 Qc2 36. Nc4 e4 37. Rb1 Re2 38. Qg5 Be5 39. d6
Bxd6 40. Qd8+ Ka7 41. Qb6+ Ka8 42. Nxd6 1-0

[Event "Heilbronner SV 1 - SK Bebenhausen 1"]
[Site "Oberliga 2019/2020"]
[Date "2019.09.15"]
[Round "1.2"]
[White "Kabisch, Thilo"]
[Black "Bräuning, Rudolf Wilhelm"]
[Result "0-1"]
[WhiteElo "2326"]
[BlackElo "2246"]
[PlyCount "116"]
[EventDate "2019.??.??"]
[WhiteTeam "Heilbronner SV 1"]
[BlackTeam "SK Bebenhausen 1"]

1. e4 e5 2. Nf3 Nc6 3. Bb5 a6 4. Ba4 Nge7 5. c3 g6 6. d4 exd4 7. cxd4 b5 8. Bb3
Bg7 9. O-O O-O 10. d5 Na5 11. d6 cxd6 12. Qxd6 Nb7 13. Qd1 d6 14. Nc3 Nc5 15.
Bg5 Nxb3 16. axb3 Bb7 17. Re1 h6 18. Bf4 d5 19. e5 d4 20. Ne4 Nf5 21. Nc5 Qd5
22. Nxb7 Qxb7 23. Qd3 Rfd8 24. Re4 Rd5 25. Rc1 Rc8 26. Rxc8+ Qxc8 27. h3 h5 28.
Re2 Ne7 29. Re1 Qf5 30. Qxf5 gxf5 31. e6 Bf6 32. exf7+ Kxf7 33. Ra1 Ng6 34. Bd2
Rd6 35. Bb4 Rc6 36. Rd1 Nf4 37. g3 Rc1 38. Rxc1 Ne2+ 39. Kf1 Nxc1 40. Ne1 d3
41. Ng2 Nxb3 42. Nf4 a5 43. Bd6 Nc1 44. Ke1 Bxb2 45. Kd2 a4 46. Nxd3 Nxd3 47.
Kxd3 Ke6 48. Bf8 Be5 49. f4 Bd6 50. Bg7 Kd5 51. Bf6 b4 52. Bg7 Bc5 53. Be5 Bf2
54. Bg7 Bxg3 55. Bf8 b3 56. Bh6 a3 57. Kc3 a2 58. Kb2 Bf2 0-1

[Event "Heilbronner SV 1 - SK Bebenhausen 1"]
[Site "Oberliga 2019/2020"]
[Date "2019.09.15"]
[Round "1.3"]
[White "Carstens, Andreas"]
[Black "Schmidt, Tobias"]
[Result "0-1"]
[WhiteElo "2107"]
[BlackElo "2250"]
[PlyCount "120"]
[EventDate "2019.??.??"]
[WhiteTeam "SK Bebenhausen 1"]
[BlackTeam "Heilbronner SV 1"]

1. e4 e6 2. d4 d5 3. Nd2 c5 4. exd5 exd5 5. Ngf3 Nc6 6. Bb5 Qe7+ 7. Be2 Qc7 8.
O-O Nf6 9. Re1 cxd4 10. Nb3 Bb4 11. Bd2 Bxd2 12. Qxd2 O-O 13. Nbxd4 Ne4 14. Qc1
Bg4 15. c3 Rfe8 16. Bd3 Rad8 17. Nxc6 bxc6 18. Bxe4 Rxe4 19. Nd2 Rxe1+ 20. Qxe1
c5 21. Nb3 Be6 22. Qe3 Rc8 23. Rd1 a5 24. h3 a4 25. Nc1 Qb6 26. b4 axb3 27.
axb3 Qb7 28. Qe5 Qb8 29. Qxb8 Rxb8 30. Kf1 Kf8 31. Ke2 Ke7 32. Rd2 Kd6 33. Ke3
Re8 34. Kf3 Bd7 35. Ne2 Bc6 36. Kg3 Rb8 37. Rb2 Ra8 38. f3 Bb5 39. c4 dxc4 40.
Nc3 Ba6 41. bxc4 Bxc4 42. Kf4 Kc6 43. g4 Rd8 44. h4 Rd3 45. Ne4 Bd5 46. Rb8
Bxe4 47. Kxe4 Rd7 48. f4 c4 49. h5 Kc5 50. g5 c3 51. Rc8+ Kb4 52. Rc6 Kb3 53.
h6 gxh6 54. Rxh6 c2 55. Rc6 Kb2 56. Kf5 c1=Q 57. Rxc1 Kxc1 58. Kf6 Kd2 59. Kg7
Ke3 60. f5 Kf4 0-1

[Event "Heilbronner SV 1 - SK Bebenhausen 1"]
[Site "Oberliga 2019/2020"]
[Date "2019.09.15"]
[Round "1.4"]
[White "Degenhard, Simon"]
[Black "Latzke, Boris"]
[Result "1/2-1/2"]
[WhiteElo "2138"]
[BlackElo "2188"]
[PlyCount "120"]
[EventDate "2019.??.??"]
[WhiteTeam "Heilbronner SV 1"]
[BlackTeam "SK Bebenhausen 1"]

1. e4 e5 2. Nf3 Nc6 3. Bb5 a6 4. Ba4 Nf6 5. O-O Be7 6. Re1 b5 7. Bb3 d6 8. c3
O-O 9. h3 Nb8 10. d4 Nbd7 11. Nbd2 Bb7 12. Bc2 Re8 13. a4 Bf8 14. Bd3 c6 15. b3
g6 16. Bb2 Bg7 17. Qc2 Qc7 18. c4 b4 19. c5 exd4 20. cxd6 Qxd6 21. Bxd4 Qe7 22.
Rac1 Bh6 23. Rcd1 c5 24. Bb2 Bg7 25. Bc4 Nb6 26. e5 Nfd5 27. Ne4 Nxc4 28. Qxc4
Nb6 29. Qxc5 Qxc5 30. Nxc5 Bxf3 31. gxf3 Rec8 32. Bd4 Nd5 33. Rc1 Rc6 34. Nd3
Rac8 35. Be3 Rc3 36. Bd2 Rxc1 37. Rxc1 Rxc1+ 38. Bxc1 Kf8 39. Be3 a5 40. f4 Ke7
41. Kg2 Ke6 42. Nc5+ Kf5 43. Kf3 Bh6 44. Nb7 Bxf4 45. Bxf4 Nxf4 46. Nxa5 Nxh3
47. Nc6 Ng5+ 48. Ke3 Ne6 49. a5 Nc7 50. Nxb4 Kxe5 51. Nd3+ Kd5 52. b4 f6 53.
Nc5 Kc4 54. Nd7 Nd5+ 55. Ke4 f5+ 56. Kf3 Nxb4 57. Nf8 Kb5 58. Nxh7 Kxa5 59. Nf8
g5 60. Ne6 Kb5 1/2-1/2

[Event "Heilbronner SV 1 - SK Bebenhausen 1"]
[Site "Oberliga 2019/2020"]
[Date "2019.09.15"]
[Round "1.5"]
[White "Wendler, David"]
[Black "Pogan, Nikolas"]
[Result "1-0"]
[WhiteElo "2105"]
[BlackElo "2211"]
[PlyCount "61"]
[EventDate "2019.??.??"]
[WhiteTeam "SK Bebenhausen 1"]
[BlackTeam "Heilbronner SV 1"]

1. e4 d6 2. d4 Nf6 3. Nc3 e5 4. Nge2 Nbd7 5. f3 Be7 6. Be3 c6 7. Qd2 Qa5 8. g4
b5 9. a3 a6 10. g5 Ng8 11. Ng3 exd4 12. Bxd4 Ne5 13. Be2 f6 14. f4 Nf7 15. h4
c5 16. Be3 Rb8 17. Nd5 Qxd2+ 18. Bxd2 h6 19. Nh5 hxg5 20. hxg5 Kf8 21. Bc3 Be6
22. Nc7 Nd8 23. f5 Bc8 24. O-O-O Kf7 25. g6+ Kf8 26. Nxg7 Rxh1 27. Rxh1 Rb7 28.
Nge8 Ne6 29. fxe6 Bd8 30. g7+ Ke7 31. Bxf6+ 1-0

[Event "Heilbronner SV 1 - SK Bebenhausen 1"]
[Site "Oberliga 2019/2020"]
[Date "2019.09.15"]
[Round "1.6"]
[White "Dudek, Richard"]
[Black "Roth, Jürgen Eugen"]
[Result "1-0"]
[WhiteElo "2173"]
[BlackElo "2115"]
[PlyCount "50"]
[EventDate "2019.??.??"]
[WhiteTeam "Heilbronner SV 1"]
[BlackTeam "SK Bebenhausen 1"]

1. e4 g6 2. d4 Bg7 3. c3 c6 4. f4 d5 5. e5 Nh6 6. Nf3 Bg4 7. h3 Bxf3 8. Qxf3
O-O 9. Bd3 f6 10. exf6 exf6 11. f5 Re8+ 12. Kf2 Nxf5 13. Bxf5 gxf5 14. Bf4 Nd7
15. Nd2 Ne5 16. Qg3 Ng6 17. Rhe1 Qd7 18. h4 Rxe1 19. Rxe1 Re8 20. Rxe8+ Qxe8
21. Be3 Nf8 22. Qf3 Ng6 23. Qh3 Ne7 24. Nf1 Qd7 25. Ng3 Bf8 1-0

[Event "Heilbronner SV 1 - SK Bebenhausen 1"]
[Site "Oberliga 2019/2020"]
[Date "2019.09.15"]
[Round "1.7"]
[White "Khadempour, Farhad"]
[Black "Tschlatscher, Thomas"]
[Result "0-1"]
[WhiteElo "2107"]
[BlackElo "2155"]
[PlyCount "58"]
[EventDate "2019.??.??"]
[WhiteTeam "SK Bebenhausen 1"]
[BlackTeam "Heilbronner SV 1"]

1. d4 d5 2. Nf3 Nf6 3. c4 e6 4. g3 Be7 5. Bg2 O-O 6. O-O dxc4 7. Ne5 Nc6 8.
Bxc6 bxc6 9. Nxc6 Qe8 10. Nxe7+ Qxe7 11. Qc2 e5 12. dxe5 Qxe5 13. Na3 Qh5 14.
f3 Qc5+ 15. Kg2 Re8 16. Re1 Ne4 17. Rf1 Qh5 18. h4 Bf5 19. Qxc4 Nd6 20. Qxc7
Rxe2+ 21. Rf2 Bh3+ 22. Kg1 Rxf2 23. Kxf2 Qd5 24. Be3 Re8 25. Re1 Ne4+ 26. Kg1
Ng5 27. hxg5 Qxf3 28. Qc2 Qxg3+ 29. Kh1 Qxe1+ 0-1